[Event "Mecklenburg VP U12"]
[Site "Malchow"]
[Date "2016.02.08"]
[Round "1.1"]
[White "Troyke, Jannis"]
[Black "Brockmann, Ole"]
[Result "1-0"]
[WhiteElo "1763"]
[BlackElo "977"]
[PlyCount "63"]
[EventDate "2016.02.02"]
[EventType "swiss"]
[EventRounds "7"]
[EventCountry "GER"]
[SourceTitle "EXT 2024"]
[Source "ChessBase"]
[SourceDate "2023.10.10"]
[SourceVersion "1"]
[SourceVersionDate "2023.10.10"]
[SourceQuality "1"]

1. e4 e5 2. Nf3 Nc6 3. d4 d6 4. dxe5 dxe5 5. Qxd8+ Nxd8 6. Nxe5 Bd6 7. Nf3 Nf6 8. e5 Bb4+ 9. c3 Bxc3+ 10. Nxc3 Nd7 11. Bc4 0-0 12. 0-0 Nc5 13. Be3 b6 14. Nd5 Nde6 15. Ng5 Rb8 16. Ne7+ Kh8 17. b4 Na6 18. Nxc8 b5 19. Bxe6 fxe6 20. Nxa7 Nxb4 21. Nxe6 Rfe8 22. Ng5 Rb7 23. Rab1 Nd5 24. Bc5 Nc3 25. Rb3 Na4 26. Be3 c5 27. Nc6 Rc7 28. Nd8 Rxd8 29. Ne6 Rcd7 30. Nxd8 Rxd8 31. Rxb5 Rd5 32. Rb8+ 1-0